|
|
|
|
| LEADER |
02472nam a2200469 a 4500 |
| 001 |
EBC3443256 |
| 003 |
MiAaPQ |
| 005 |
20200520144314.0 |
| 006 |
m o d | |
| 007 |
cr cn||||||||| |
| 008 |
070604s2008 txu sb s001 0 eng |
| 010 |
|
|
|z 2007023269
|
| 020 |
|
|
|z 9780292716810 (cloth : alk. paper)
|
| 020 |
|
|
|z 0292716818 (cloth : alk. paper)
|
| 020 |
|
|
|z 9780292716827 (pbk. : alk. paper)
|
| 020 |
|
|
|z 0292716826 (pbk. : alk. paper)
|
| 035 |
|
|
|a (MiAaPQ)EBC3443256
|
| 035 |
|
|
|a (Au-PeEL)EBL3443256
|
| 035 |
|
|
|a (CaPaEBR)ebr10245736
|
| 035 |
|
|
|a (OCoLC)234187492
|
| 040 |
|
|
|a MiAaPQ
|c MiAaPQ
|d MiAaPQ
|
| 043 |
|
|
|a n-us---
|
| 050 |
|
4 |
|a HB915
|b .G88 2008
|
| 082 |
0 |
4 |
|a 305.48/868073
|2 22
|
| 100 |
1 |
|
|a Gutierrez, Elena R.,
|d 1970-
|
| 245 |
1 |
0 |
|a Fertile matters
|h [electronic resource] :
|b the politics of Mexican-origin women's reproduction /
|c Elena R. Gutierrez.
|
| 246 |
3 |
0 |
|a Politics of Mexican-origin women's reproduction
|
| 250 |
|
|
|a 1st ed.
|
| 260 |
|
|
|a Austin :
|b University of Texas Press,
|c 2008.
|
| 300 |
|
|
|a xix, 199 p.
|
| 490 |
1 |
|
|a Chicana matters series
|
| 504 |
|
|
|a Includes bibliographical references (p. [165]-183) and index.
|
| 505 |
0 |
|
|a The fertility of women of Mexican origin: a social constructionist approach -- The twin problems of overpopulation and immigration in 1970s California -- "They breed like rabbits": the forced sterilization of Mexican-origin women -- "More than a hint of extraordinary fertility...": social science perspectives on Mexican-origin women's reproductive behavior (1912-1980) -- Controlling borders and babies: John Tanton, ZPG, and racial anxiety over Mexican-origin women's fertility -- The right to have children: Chicanas organizing against sterilization abuse -- "Baby-makers and welfare takers": the (not-so) new politics of Mexican-origin women's reproduction -- Epilogue -- Notes -- References -- Index.
|
| 533 |
|
|
|a Electronic reproduction. Ann Arbor, MI : ProQuest, 2015. Available via World Wide Web. Access may be limited to ProQuest affiliated libraries.
|
| 650 |
|
0 |
|a Fertility, Human
|z United States.
|
| 650 |
|
0 |
|a Mexican Americans
|x Population.
|
| 650 |
|
0 |
|a Mexican American women.
|
| 650 |
|
0 |
|a Involuntary sterilization
|z United States
|x History.
|
| 655 |
|
4 |
|a Electronic books.
|
| 710 |
2 |
|
|a ProQuest (Firm)
|
| 830 |
|
0 |
|a Chicana matters series.
|
| 856 |
4 |
0 |
|u https://ebookcentral.proquest.com/lib/matrademy/detail.action?docID=3443256
|z Click to View
|